000
00196 a2200097 4500
020
_a
9780964366558
041
_a
spa
100
_a
Mar Cahill
245
_a
A un solo latido de distancia
942
_c
K
999
_c
26902
_d
26902